Nők a munkaerőpiacon - A millenniumi nemzedék

Bibliográfiai részletek
Szerző: Aschenbrenner Réka
További közreműködők: Andrási Mónika
Dokumentumtípus: Diplomadolgozat
Kulcsszavak:Nők
Munka
millennium generáció
Online Access:http://dolgozattar.uni-bge.hu/14545

MARC

LEADER 00000nta a2200000 i 4500
001 dolg14545
005 20171218105845.0
008 171218suuuu hu om 000 hun d
040 |a BGE Dolgozattár Repozitórium  |b hun 
041 |a hu 
100 1 |a Aschenbrenner Réka 
245 1 0 |a Nők a munkaerőpiacon - A millenniumi nemzedék  |c Aschenbrenner Réka  |h [elektronikus dokumentum] 
695 |a Nők 
695 |a Munka 
695 |a millennium generáció 
700 1 |a Andrási Mónika  |e ths 
856 4 0 |u http://dolgozattar.uni-bge.hu/14545/1/Aschenbrenner%20R%C3%A9ka_IBZG8Z_szakdolgozat.pdf  |z Dokumentum-elérés 
856 4 0 |u http://dolgozattar.uni-bge.hu/14545/7/Aschenbrenner%20R%C3%A9ka_titkos%C3%ADt%C3%A1si%20k%C3%A9relem.pdf  |z Dokumentum-elérés